Rzeczowniki na literę F - Statystyki

Ogólne statystyki
  • Ten quiz został rozwiązany 70 razy
  • Średni wynik to 49 z 87
Statystyki odpowiedzi
Odpowiedź % Poprawnych
fan
92%
foka
92%
fala
91%
flet
89%
farba
85%
figa
85%
film
85%
flak
85%
folia
85%
firanka
83%
frytka
83%
fajka
81%
firma
81%
fotograf
81%
fabryka
79%
fart
79%
forma
79%
fotografia
79%
fiołek
77%
fotel
75%
fryzura
75%
futro
75%
fasada
74%
faza
74%
fizyka
74%
flamaster
74%
fabuła
72%
farma
72%
fantazja
70%
fortepian
70%
frotka
70%
filet
68%
fryzjer
68%
figura
66%
filia
66%
fragment
66%
fach
64%
faworyt
64%
fiszka
64%
flakon
64%
fontanna
62%
foremka
62%
fiolet
60%
flora
60%
framuga
60%
fanatyk
58%
farsz
58%
fauna
58%
front
58%
fikcja
57%
fraza
57%
futerał
57%
flaga
55%
formuła
53%
forteca
53%
fraszka
53%
fresk
53%
fałsz
51%
filtr
51%
fistaszek
51%
flirt
51%
festyn
49%
fiolka
49%
furia
49%
facet
47%
fikus
43%
finał
43%
flesz
40%
fonetyka
38%
fatyga
34%
filozofia
34%
faktura
32%
flaming
32%
fasola
30%
foch
26%
flądra
23%
falbanka
19%
frędzel
15%
frajda
13%
frustracja
13%
feminizm
11%
fenomen
11%
folwark
11%
formalność
6%
formularz
6%
fetka
0%
furgonetka
0%
Nie znaleziono quizów pasujących do podanych kryteriów
Rozkład punktacji
Procent ludzi z każdym wynikiem
Percentyl według liczby udzielonych odpowiedzi
Twoja historia wyników
Nie rozwiązałeś tego quizu